BASIC OF ORTHOPEDIC PHYSIOTHERAPY (Record no. 800965)

MARC details
000 -LEADER
fixed length control field 00343pam a2200145 a 4500
020 ## - INTERNATIONAL STANDARD BOOK NUMBER
International Standard Book Number 9789350902783
Terms of availability
041 ## - LANGUAGE CODE
Language code of original
082 ## - DEWEY DECIMAL CLASSIFICATION NUMBER
Classification number 617.3
Item number KHA
100 ## - MAIN ENTRY--PERSONAL NAME
Personal name KHATRI S.M.
245 ## - TITLE STATEMENT
Title BASIC OF ORTHOPEDIC PHYSIOTHERAPY
Medium Textual Documents
250 ## - EDITION STATEMENT
Edition statement 1.
260 ## - PUBLICATION, DISTRIBUTION, ETC.
Name of publisher, distributor, etc. JAYPEE BROTHERS MEDICAL PUB.
Date of publication, distribution, etc. 2013
650 ## - SUBJECT ADDED ENTRY--TOPICAL TERM
Topical term or geographic name entry element ORTHO
930 ## - EQUIVALENCE OR CROSS-REFERENCE-UNIFORM TITLE HEADING [LOCAL, CANADA]
Uniform title 6438
Holdings
Withdrawn status Lost status Damaged status Not for loan Collection Home library Current library Date acquired Source of acquisition Cost, normal purchase price Total Checkouts Full call number Barcode Date last seen Copy number Price effective from Koha item type
          Medical College & Hospital, Sangli Medical College & Hospital, Sangli 05/12/2014 B.M.S.G.B.PUNE 275.00   617.3 KHA MCS-11957 26/07/2023 2 26/07/2023 Book
          Medical College & Hospital, Sangli Medical College & Hospital, Sangli 05/12/2014 B.M.S.G.B.PUNE 275.00   617.3 KHA MCS-11879 26/07/2023 1 26/07/2023 Book